Indicadores sociales y económicos. Ingresos y gastos de las familias de bajos ingresos del Area Metropolitana de San José
Salvato in:
| Ente Autore: | |
|---|---|
| Natura: | testo |
| Pubblicazione: |
San José:
La Dirección
|
| Soggetti: | |
| Tags: |
Aggiungi Tag
Nessun Tag, puoi essere il primo ad aggiungerne!!
|
MARC
| LEADER | 00000 a a2200000 04500 | ||
|---|---|---|---|
| 001 | 14101 | ||
| 003 | |||
| 040 | |||
| 090 | |a 027400 | ||
| 110 | |a Costa Rica. Ministerio de Economía, Industria y Comercio. Dirección General de Estadística y Censos | ||
| 245 | |a Indicadores sociales y económicos. Ingresos y gastos de las familias de bajos ingresos del Area Metropolitana de San José | ||
| 260 | |a San José: |b La Dirección | ||
| 300 | |a 9 p | ||
| 650 | |a INGRESOS DE HOGARES | ||
| 650 | |a GASTOS | ||
| 999 | |c 17376 |d 17376 | ||
